Najsłynniejszy piłkarz z danego kraju - Statystyki

Ogólne statystyki
  • Ten quiz został rozwiązany 116 razy
  • Średni wynik to 8 z 20
Statystyki odpowiedzi
Kraj Odpowiedź % Poprawnych
Polska Robert Lewandowski
99%
Argentyna Lionel Messi
97%
Norwegia Erling Haaland
92%
Egipt Mohamed Salah
83%
Brazylia Pelé
82%
Kanada Alphonso Davies
61%
Węgry Ferenc Puskás
58%
Hiszpania Andrés Iniesta
53%
Nigeria Jay-Jay Okocha
35%
Japonia Hidetoshi Nakata
26%
Korea Południowa Son Heung-min
25%
Nowa Zelandia Chris Wood
24%
Meksyk Hugo Sánchez
24%
Australia Tim Cahil
18%
Arabia Saudyjska Salem Al-Dawsari
13%
RPA Benni McCarthy
3%
Peru Paolo Guerrero
3%
Indie Sunil Chhetri
3%
Islandia Gylfi Sigurosson
0%
Wietnam Nguyen Quang Hail
0%
Nie znaleziono quizów pasujących do podanych kryteriów
Rozkład punktacji
Procent ludzi z każdym wynikiem
Percentyl według liczby udzielonych odpowiedzi
Twoja historia wyników
Nie rozwiązałeś tego quizu